| 000 | 00544pam a2200205 i 4500 | ||
|---|---|---|---|
| 001 | 3683135 | ||
| 005 | 20180214074048.0 | ||
| 008 | 781005s1979 caua 001 0 eng | ||
| 010 | _a 78023560 | ||
| 020 | _a0534006256 | ||
| 040 |
_aDLC _cDLC _dDLC |
||
| 041 | _aeng | ||
| 080 | _a658.400151 ECK | ||
| 082 | 0 | 0 | _a658.400151 ECK |
| 100 | 1 | _a54 | |
| 101 | _aBNJ | ||
| 245 | 1 | 0 |
_aQM, an introduction to quantitative methods for business application / _cR. D. Eck. |
| 906 |
_a7 _bcbc _corignew _d1 _eocip _f19 _gy-gencatlg |
||
| 942 |
_2ddc _cBK |
||
| 999 |
_c42509 _d42509 |
||